00593nam a2200169Ia 4500008004100000020001500041041001200056082001600068100001400084245007100098260004100169300000800210650001200218942000700230999001500237952017100252221030s9999 xx 000 0 und d a8185749256 aEnglish a105.23b115 aP. Prasad 0aCommunication Skills - for Engineers & Professionalscby P. Prasad bS.K. Kataria & SonsaNew Delhic2001 a429 aEnglish cBK c6687d6687 pBE 2047g115.00l0o105.23 115r2024-06-13 00:00:00w2022-10-30yBK003Print4070aMIETLIBbMIETLIBcBL-Academic Block A, FL-1, CUP-21, SH-1, R-1d2000-10-0410HBE